Подробности
| 000 -МАРКЕР |
| контрольное поле |
04087nam0a2200409 4500 |
| 001 - ИДЕНТИФИКАТОР ЗАПИСИ |
| контрольное поле |
RU\NLR\BIBL_A\012901929 |
| 005 - ИДЕНТИФИКАТОР ВЕРСИИ |
| контрольное поле |
20221222145409.0 |
| 010 ## - МЕЖДУНАРОДНЫЙ СТАНДАРТНЫЙ НОМЕР КНИГИ (ISBN) |
| Номер (ISBN) |
978-5-9734-0396-6 |
| Тираж |
300 |
| 021 ## - НОМЕР ГОСУДАРСТВЕННОЙ РЕГИСТРАЦИИ |
| Код страны |
Российская Федерация |
| Номер |
КН-П-22-054390 |
| Номер Листа государственной регистраци |
КН-П-22-4717 |
| 035 ## - ДРУГИЕ СИСТЕМНЫЕ НОМЕРА |
| Идентификатор записи |
(NLR Aleph) 012901929 |
| 035 ## - ДРУГИЕ СИСТЕМНЫЕ НОМЕРА |
| Идентификатор записи |
(RuMoRGB)011179802 |
| 100 ## - ДАННЫЕ ОБЩЕЙ ОБРАБОТКИ |
| Данные общей обработки |
20221004d2022 u y0rusy50 ca |
| 101 0# - ЯЗЫК РЕСУРСА |
| Язык текста, звукозаписи и т.д. |
русский |
| 102 ## - СТРАНА ПУБЛИКАЦИИ ИЛИ ПРОИЗВОДСТВА |
| Страна публикации |
Российская Федерация |
| 105 ## - ПОЛЕ КОДИРОВАННЫХ ДАННЫХ: ТЕКСТОВЫЕ МАТЕРИАЛЫ, МОНОГРАФИЧЕСКИЕ |
| Кодированные данные о монографическом текстовом документе |
a j 000zy |
| 181 #0 - ПОЛЕ КОДИРОВАННЫХ ДАННЫХ: ВИД СОДЕРЖАНИЯ |
| Код вида содержания (ISBD) |
i3 |
| Код характеристики содержания (ISBD) |
axxe |
| 182 #0 - ПОЛЕ КОДИРОВАННЫХ ДАННЫХ: ТИП СРЕДСТВА |
| Код типа средства (ISBD) |
n - непосредственное |
| 200 1# - ЗАГЛАВИЕ И СВЕДЕНИЯ ОБ ОТВЕТСТВЕННОСТИ |
| Основное заглавие |
Методика проведения подготовительной части урока физической культуры с гимнастической направленностью |
| Сведения, относящиеся к заглавию |
учебное пособие |
| -- |
для преподавателей и студентов очного и заочного отделения факультетов физической культуры |
| Первые сведения об ответственности |
А. М. Цыгановский, Е. А. Цыбина, О. Н. Шкитырь [и др.] |
| Последующие сведения об ответственности |
Минобрнауки России, Федеральное государственное бюджетное образовательное учреждение высшего образования "Брянский государственный университет имени И. Г. Петровского" (БГУ), Институт педагогики и психологии, Факультет физической культуры |
| 203 ## - ВИД СОДЕРЖАНИЯ И ТИП СРЕДСТВА |
| Вид содержания |
Текст |
| Дополнительные сведения об издании |
визуальный |
| Тип средства |
непосредственный |
| 210 ## - ПУБЛИКАЦИЯ, РАСПРОСТРАНЕНИЕ И ДР. |
| Место издания, распространения и т.д. |
Брянск |
| Имя издателя, распространителя и т. д. |
РИСО БГУ |
| Дата издания, распространения и т.д. |
2022 |
| 215 ## - ФИЗИЧЕСКАЯ ХАРАКТЕРИСТИКА |
| Специфическое обозначение материала и объем |
130 с. |
| Другие сведения о физической характеристике |
ил. |
| Размеры |
20 |
| 300 ## - ОБЩИЕ ПРИМЕЧАНИЯ |
| Текст примечания |
Авт. указаны на обороте тит. с. |
| 320 ## - ПРИМЕЧАНИЯ О НАЛИЧИИ В ДОКУМЕНТЕ БИБЛИОГРАФИИ / УКАЗАТЕЛЯ |
| Текст примечания |
Библиогр.: с. 127-130 (31 назв.) |
| 330 ## - РЕЗЮМЕ ИЛИ РЕФЕРАТ |
| Текст примечания |
В учебном пособии дана подробная характеристика основных средств гимнастики, применяемых в подготовительной части урока. Представлен обязательный минимум знаний по терминологии строевых упражнений, которым необходимо уметь пользоваться учителю физической культуры. В сравнительно большом объеме (около 500 упражнений) представлен материал с терминологической записью разнообразных общеразвивающих упражнений, которые могут быть использованы не только на уроках в школе, но и в учебном процессе спортивно-педагогических дисциплин факультета физической культуры. Представлен авторский вариант конструирования общеразвивающих упражнений. Приводятся разнообразные подвижные игры и игровые задания, способствующие эффективному решению задач подготовительной части урока |
| 606 1# - НАИМЕНОВАНИЕ ТЕМЫ КАК ПРЕДМЕТ |
| Наименование темы |
Физическая культура и спорт |
| Тематический подзаголовок |
Преподавание |
| -- |
Средняя школа |
| Формальный подзаголовок |
Учебные издания |
| Код системы |
nlr_sh2 |
| Идентификатор авторитетной/нормативной записи |
RU\NLR\AUTH\661293959 |
| 675 ## - УНИВЕРСАЛЬНАЯ ДЕСЯТИЧНАЯ КЛАССИФИКАЦИЯ (UDC/УДК) |
| Индекс |
37.016:796(075.8) |
| Издание |
4 |
| 686 1# - ИНДЕКСЫ ДРУГИХ КЛАССИФИКАЦИЙ |
| Индекс |
Ч426.73я7 |
| 701 #1 - ИМЯ ЛИЦА - АЛЬТЕРНАТИВНАЯ ОТВЕТСТВЕННОСТЬ |
| Начальный элемент ввода |
Цыгановский |
| Часть имени, кроме начального элемента ввода |
А. М. |
| Расширение инициалов личного имени |
Андрей Михайлович |
| 701 #1 - ИМЯ ЛИЦА - АЛЬТЕРНАТИВНАЯ ОТВЕТСТВЕННОСТЬ |
| Начальный элемент ввода |
Цыбина |
| Часть имени, кроме начального элемента ввода |
Е.А. |
| Расширение инициалов личного имени |
Елена Афанасьевна |
| 701 #1 - ИМЯ ЛИЦА - АЛЬТЕРНАТИВНАЯ ОТВЕТСТВЕННОСТЬ |
| Начальный элемент ввода |
Шкитырь |
| Часть имени, кроме начального элемента ввода |
О. Н. |
| Расширение инициалов личного имени |
Оксана Николаевна |
| 712 02 - НАИМЕНОВАНИЕ ОРГАНИЗАЦИИ - ВТОРИЧНАЯ ОТВЕТСТВЕННОСТЬ |
| Начальный элемент ввода |
Брянский государственный университет им. И. Г. Петровского |
| Структурное подразделение |
Институт педагогики и психологии |
| -- |
Факультет физической культуры |
| Идентификатор авторитетной/нормативной записи |
RU\NLR\AUTH\880518572 |
| Код отношения |
Прочие |
| 942 ## - ДОПОЛНИТЕЛЬНЫЕ ЭЛЕМЕНТЫ ЗАПИСИ (АБИС) |
| Тип экземпляра АБИС |
Книга |
| 980 ## - КОЛЛЕКЦИЯ |
| Название коллекции |
Национальная библиография |